Central Library OPAC University of Rajshahi

Humanism and ideology : (Record no. 32119)

MARC details
000 -LEADER
fixed length control field 00878nam a2200289 4500
001 - CONTROL NUMBER
control field 32119
003 - CONTROL NUMBER IDENTIFIER
rucl marc code BD-RjUL
005 - DATE AND TIME OF LATEST TRANSACTION
control field 20211209051806.0
008 - FIXED-LENGTH DATA ELEMENTS--GENERAL INFORMATION
fixed length control field 140423s1973 enk b 001 0 eng
020 ## - INTERNATIONAL STANDARD BOOK NUMBER
International Standard Book Number 0710074425
035 ## - SYSTEM CONTROL NUMBER
System control number (BD-RjUL)32208
040 ## - CATALOGING SOURCE
Original cataloging agency DLC
Transcribing agency DLC
Modifying agency DLC
-- BD-RjUL
Language of cataloging eng
041 ## - LANGUAGE CODE
Language code of text/sound track or separate title eng
082 00 - DEWEY DECIMAL CLASSIFICATION NUMBER
Classification number 171
Author mark and year FLH 1973
100 1# - MAIN ENTRY--PERSONAL NAME
Personal name Flynn, James Robert,
Dates associated with a name 1934-
9 (RLIN) 97769
245 10 - TITLE STATEMENT
Title Humanism and ideology :
Remainder of title an Aristotelian view /
Statement of responsibility, etc. James R. Flynn.
260 ## - PUBLICATION, DISTRIBUTION, ETC. (IMPRINT)
Place of publication, distribution, etc. London ;
-- Boston :
Name of publisher, distributor, etc. Routledge and Kegan Paul,
Date of publication, distribution, etc. c1973.
300 ## - PHYSICAL DESCRIPTION
Pagination [9], 192 p. ;
Size 23 cm.
350 ## - PRICE (NR) (BK AM CF MU VM SE) [OBSOLETE]
Price £2.75
490 0# - SERIES STATEMENT
Series statement Studies in ethics and the philosophy of religion
504 ## - BIBLIOGRAPHY, ETC. NOTE
Bibliography, etc Includes bibliographical references and index.
650 #0 - SUBJECT ADDED ENTRY--TOPICAL TERM
Topical term or geographic name as entry element Ethical relativism.
9 (RLIN) 5696
Topical term or geographic name as entry element Humanism.
9 (RLIN) 97770
Topical term or geographic name as entry element Ideology.
9 (RLIN) 273
942 ## - ADDED ENTRY ELEMENTS (KOHA)
Source of classification or shelving scheme Dewey Decimal Classification
Koha item type Books
Holdings
Lost status Source of classification or shelving scheme Damaged status Not for loan Collection code Permanent Location Current Location Shelving location Date acquired Source of acquisition Cost, normal purchase price Total Checkouts Full call number Date last seen Copy number Koha item type
  Dewey Decimal Classification   Not For Loan Non-fiction Central Library, University of Rajshahi Central Library, University of Rajshahi Reading Room 07/06/1975 gonathan wres and co. 2.75   171 FLH 1973 23/04/2014 C-1 Books
  Dewey Decimal Classification     Non-fiction Central Library, University of Rajshahi Central Library, University of Rajshahi   07/06/1975 gonathan wres and co. 2.75   171 FLH 1973 23/04/2014 C-3 Books
  Dewey Decimal Classification     Non-fiction Central Library, University of Rajshahi Central Library, University of Rajshahi   07/06/1975 gonathan wres and co. 2.75   171 FLH 1973 23/04/2014 C-4 Books
  Dewey Decimal Classification     Non-fiction Central Library, University of Rajshahi Central Library, University of Rajshahi   07/06/1975 gonathan wres and co. 2.75   171 FLH 1973 23/04/2014 C-5 Books
  Dewey Decimal Classification     Non-fiction Central Library, University of Rajshahi Central Library, University of Rajshahi   29/11/1975 gonathan wres and co. 2.75   171 FLH 1973 23/04/2014 C-6 Books
  Dewey Decimal Classification     Non-fiction Central Library, University of Rajshahi Central Library, University of Rajshahi   29/11/1975 gonathan wres and co. 2.75   171 FLH 1973 23/04/2014 C-8 Books
  Dewey Decimal Classification     Non-fiction Central Library, University of Rajshahi Central Library, University of Rajshahi   29/11/1975 Jonathan Wren & Co. 2.75   171 FLH 1973 23/04/2014 C-7 Books
  Dewey Decimal Classification     Non-fiction Central Library, University of Rajshahi Central Library, University of Rajshahi   07/06/1975 gonathan wres and co 2.75   171 FLH 1973 24/07/2016 C-2 Books